000 00573nam a2200229Ia 4500
003 OSt
005 20221007111405.0
006 a|||||r|||| 00| 0
007 ta
008 221006b |||||||| |||| 00| 0 eng d
024 _a23,421
037 _cTextual
040 _aLCO
_cLCO
_beng
041 _2eng
_aeng
082 _aV2:2, L2
245 0 _aConstitution of India with Short Notes
260 _aLucknow
_bEastern Book Company India
_c1972
300 _a200
650 _aCONSTITUTION
942 _hV2:2, L2
_cTEXL
999 _c1192984
_d1192984